Дело по жалобе книгопродавца Лисенкова на делаемые стеснения к печатанию в Санкт-Петербургских ведомостях библиографических объя...

Доступно только в Электронных читальных залах Найти на картеНа карте
RUSMARC
00003698nmc2a22002413x 450
001b93fe15e-9cab-42d7-b01e-43e70684a73c
00520251027214428.0
100##$a20250522l18541860k l0rusy0189 ca
1010#$arus
102##$aRU
105##$ay###
1222#$ad
2001#$aДело по жалобе книгопродавца Лисенкова на делаемые стеснения к печатанию в Санкт-Петербургских ведомостях библиографических объявлений
$j2 декабря 1854 г. - 30 сентября 1860 г.
215##$a26 л.
$d36,5х26 см
251##$cДело
300##$aНа обложке указано: "№99а"
371##$aДокумент не является опубликованным и широко распространяемым
461#0$10012b5b8419-5ce4-4d16-a7a3-85720a295f1f
$12001
$aКанцелярия министра народного просвещения
$1251
$cФонд
$1852
$j735
462#0$1001f9d86302-efd9-4da3-b833-350837400fc9
$12001
$aКанцелярия министра народного просвещения
$1251
$cОпись
$1852
$j6
801#0$aRU
$bРГИА
$c20250522
$gRCR
801#1$aRU
$bГлавНИВЦ
$c20250522
$2rusmarc
801#2$aRU
$bПБ им. Б.Н. Ельцина
$c20251027
$gRCR
$2rusmarc
850##$aРГИА
852##$aРГИА
$eФедеральное казенное учреждение "Российский государственный исторический архив" (РГИА)
$j71
937##$hРГИА
$d12424285
$aASBIBLIO_SCAN
035##$aRusGRCC00086409
856##$uhttp://readingroom.main.prlib.ru/item.aspx?id_node=n198718198&mode=full
Формат отображения